Hachiko ហា ជិ កូ : (Record no. 8147)
[ view plain ]
| 000 -LEADER | |
|---|---|
| fixed length control field | 01557nam a22002777a 4500 |
| 001 - CONTROL NUMBER | |
| control field | 8147 |
| 003 - CONTROL NUMBER IDENTIFIER | |
| control field | FISKH |
| 005 - DATE AND TIME OF LATEST TRANSACTION | |
| control field | 20250828131518.0 |
| 008 - FIXED-LENGTH DATA ELEMENTS--GENERAL INFORMATION | |
| fixed length control field | 250828b cb ||||| |||| 00| 0 eng d |
| 020 ## - INTERNATIONAL STANDARD BOOK NUMBER | |
| International Standard Book Number | 9780547237558 |
| 040 ## - CATALOGING SOURCE | |
| Original cataloging agency | FISKH |
| Language of cataloging | khr |
| Transcribing agency | FISKH |
| Modifying agency | FISKH |
| 050 ## - LIBRARY OF CONGRESS CALL NUMBER | |
| Classification number | SF426 .T87 |
| 082 ## - DEWEY DECIMAL CLASSIFICATION NUMBER | |
| Classification number | 636.7 |
| 100 ## - MAIN ENTRY--PERSONAL NAME | |
| Personal name | Turner, Pamela S. |
| 245 ## - TITLE STATEMENT | |
| Title | Hachiko ហា ជិ កូ : |
| Remainder of title | The true story of a royal dog / |
| Statement of responsibility, etc. | written by Pamela S. Turner : illustrated by Yan Nascimbene |
| 260 ## - PUBLICATION, DISTRIBUTION, ETC. | |
| Place of publication, distribution, etc. | Phnom Penh : |
| Name of publisher, distributor, etc. | Cambodia Daily Press , |
| Date of publication, distribution, etc. | 2004. |
| 300 ## - PHYSICAL DESCRIPTION | |
| Extent | 32 unnumbered pages : |
| Other physical details | color illustrations ; |
| Dimensions | 20 X 20 cm . |
| 505 ## - FORMATTED CONTENTS NOTE | |
| Formatted contents note | K <br/> |
| 520 ## - SUMMARY, ETC. | |
| Summary, etc. | នេះជារឿងពិតអំពីឆ្កែមួយដែលបានដើរតាមម្ចាស់របស់វាទៅ-មកស្ថានីយ៍រថភ្លើងនៅទីក្រុងតូក្យូរយៈពេលមួយឆ្នាំ ហើយបន្ទាប់ពីម្ចាស់វាស្លាប់ វាបានបន្តរង់ចាំម្ចាស់នៅទីនោះរៀងរាល់ថ្ងៃជាច្រើនឆ្នាំទៀត។ |
| 520 ## - SUMMARY, ETC. | |
| Summary, etc. | Relates the true story of a dog who accompanied his master to and from a Tokyo train station for a year and, after his master died, continued to wait for him there every day for many years.<br/> |
| 521 8# - TARGET AUDIENCE NOTE | |
| Target audience note | 510 <br/> |
| Source | Lexile estimate <br/> |
| 521 8# - TARGET AUDIENCE NOTE | |
| Target audience note | K <br/> |
| Source | Raz-Plus <br/> |
| 700 ## - ADDED ENTRY--PERSONAL NAME | |
| Personal name | Nascimbene, Yan |
| Relator term | Illustrator |
| 942 ## - ADDED ENTRY ELEMENTS (KOHA) | |
| Source of classification or shelving scheme | Dewey Decimal Classification |
| Koha item type | Books |
| Suppress in OPAC | No |
| Withdrawn status | Lost status | Source of classification or shelving scheme | Damaged status | Not for loan | Collection | Home library | Current library | Shelving location | Date acquired | Total Checkouts | Full call number | Barcode | Date last seen | Price effective from | Koha item type |
|---|---|---|---|---|---|---|---|---|---|---|---|---|---|---|---|
| Dewey Decimal Classification | Khmer Language Books / សៀវភៅភាសាខ្មែរ | Footprints International School Library Network Toul Tom Poung Campus | Footprints International School Library Network Toul Tom Poung Campus | TTP Primary Khmer Bookshelves | 08/28/2025 | TUR 636.7 SF426 .T87 | 2025-4307 | 08/28/2025 | 08/28/2025 | Books |
